| 000 | 00829nam a22002411 4500 | ||
|---|---|---|---|
| 001 | 134476 | ||
| 003 | ES-MaACL | ||
| 005 | 20230906194700.0 | ||
| 007 | t| | ||
| 008 | 070911s1974 sp ||||0| cat d | ||
| 016 | 7 | _zIND2000944372 | |
| 040 |
_aM-BN _bspa _cCDM |
||
| 080 | _a7.033.4(467.1)"10"(084) | ||
| 100 | 1 |
_aWhitehill, Walter Muir. _9116700 |
|
| 245 | 1 | 2 |
_aL'art románic a Catalunya _b: segle XI / _c[traducció de Josep Vallverdú] ; text de Walter Muir Whitehill ; fotografies de Jordi Gumi Cardona. |
| 250 | _a2ª ed. | ||
| 260 |
_aBarcelona : _bEdicions 62, _c1974. |
||
| 300 |
_a61 p.con 108 lám. : _bil. ; _c30 cm. |
||
| 650 | 1 | 4 |
_aArte románico- _zCataluña- _vObras ilustradas. _910303 |
| 700 | 1 |
_aGumí, Jordi. _960946 |
|
| 700 | 1 |
_aVallverdú, Josep. _9112965 |
|
| 852 |
_aES-MaACL _jE-6441 _bR.91030 |
||
| 999 |
_c134476 _d134476 |
||